Acerca de El señor de los anillos /
Guardado en:
| Hovedforfatter: | |
|---|---|
| Format: | Bog |
| Sprog: | spansk |
| Udgivet: |
México :
Libros del Umbral,
2002, c2002
|
| Fag: | |
| Tags: |
Ingen Tags, Vær først til at tagge denne postø!
|
MARC
| LEADER | 00000nam^a2200000^a^4500 | ||
|---|---|---|---|
| 001 | 000175619 | ||
| 005 | 20250521000000.0 | ||
| 009 | 20260310101612.462 | ||
| 020 | |a 968-5115-29-X | ||
| 037 | |a Acervo ITESO - Biblioteca | ||
| 041 | |a ESP | ||
| 082 | |a 820. 942082 |b SOL | ||
| 100 | |a Soler Frost, Pablo |e (autor) | ||
| 245 | 1 | 0 | |a Acerca de El señor de los anillos / |c P. Soler Frost. |
| 264 | 4 | |a México : |b Libros del Umbral, |c 2002, c2002 | |
| 300 | |a 38 p. | ||
| 336 | |a texto |b txt |2 rdacontenido | ||
| 337 | |a sin mediación |b n |2 rdamedio | ||
| 338 | |a volumen |b nc |2 rdasoporte | ||
| 545 | 0 | |a Nacido en Bloemfontein, Sudáfrica en 1892 y fallecido en 1973 en Bournemouth, Inglaterra, J.R.R. Tolkien es uno de los autores más leídos de la literatura mundial del siglo XX. Autor de importantes obras filológicas sobre las leyendas medievales sajonas y célticas, Tolkien se ha inspirado en temas y referentes de la literatura fantástica medieval para crear una saga de cuatro narraciones: El hobitt (1937) y la trilogía de El señor de los anillos (1954-1955). Los numerosos lectores de estas obras las han vuelto un fenómeno sociológico de indiscutible interés, pero los críticos destacan que por encima de este éxito de ventas, el escritor inglés es creador de una narrativa compleja y de rica inventiva. | |
| 649 | |a XX | ||
| 650 | |a Escritores Ingleses | ||
| 650 | |a Novela Fantástica - |z Inglaterra - |x Historia y Crítica | ||
| 650 | |a Novela Inglesa - |x Historia y Crítica | ||
| 650 | |a Sagas Modernas - |z Inglaterra - |x Historia y Crítica | ||
| 650 | |a Literatura Fantástica - |z Inglaterra - |x Historia y Crítica | ||
| 650 | |a Literatura Inglesa - |x Historia y Crítica | ||
| 650 | |a Literatura Inglesa - |y Siglo XX | ||
| 650 | |a Tolkien, J.R.R. - |x Tema Principal | ||
| 910 | |a Fondo General | ||
| 920 | |a Impresos - Libros | ||
| 930 | |a Colección General | ||
| 940 | |a Literatura | ||
| 905 | |a 101 | ||
| 901 | |a 0500114001 |b IT1 |c LIT |u 20250521 | ||
| 902 | |a https://opac.biblio.iteso.mx/vufind/Record/000175619 | ||